Don Simeón Torrente ha dejado de… deber / (Registro nro. 3561)
[ vista simple ]
| 000 -LEADER | |
|---|---|
| fixed length control field | 02142nam a2200265Ia 4500 |
| 003 - CONTROL NUMBER IDENTIFIER | |
| control field | OSt |
| 005 - DATE AND TIME OF LATEST TRANSACTION | |
| control field | 20250429160818.0 |
| 008 - FIXED-LENGTH DATA ELEMENTS--GENERAL INFORMATION | |
| fixed length control field | 191128s2005 ck er 000 fdspa d |
| 020 ## - INTERNATIONAL STANDARD BOOK NUMBER | |
| International Standard Book Number | 95860116301 |
| 040 ## - CATALOGING SOURCE | |
| Original cataloging agency | CO-JMCR |
| Transcribing agency | CO-JMCR |
| 041 0# - LANGUAGE CODE | |
| Language code of text/sound track or separate title | spa |
| 082 04 - DEWEY DECIMAL CLASSIFICATION NUMBER | |
| Classification number | A-N |
| Item number | SALd |
| 100 1# - MAIN ENTRY--PERSONAL NAME | |
| Personal name | Salom Becerra, Alvaro, |
| Relator term | autor |
| 9 (RLIN) | 1214 |
| 245 10 - TITLE STATEMENT | |
| Title | Don Simeón Torrente ha dejado de… deber / |
| Statement of responsibility, etc. | Álvaro Salom Becerra |
| 250 ## - EDITION STATEMENT | |
| Edition statement | Vigesima sexta edición |
| 260 ## - PUBLICATION, DISTRIBUTION, ETC. | |
| Place of publication, distribution, etc. | Bogotá : |
| Name of publisher, distributor, etc. | Tercer Mundo Editores, |
| Date of publication, distribution, etc. | 2005 |
| 300 ## - PHYSICAL DESCRIPTION | |
| Extent | 215 páginas ; |
| Dimensions | 21 cm |
| 500 ## - GENERAL NOTE | |
| General note | Incluye datos biográficos del autor en solapa posterior. |
| 505 0# - FORMATTED CONTENTS NOTE | |
| Formatted contents note | Donde se prueba que entre Simón y Simeón hay más de una letra de diferencia -- Donde se narra cómo a un niño se le condena sin oírlo -- Donde se refuta la creencia de que la infancia es la edad más feliz con el recuento de lo que fue la de Simeón -- Donde se demuestra que los púberes pobres son tan desdichados como los impúberes -- Donde se refiere como mientras Dios libró al Coronel del yugo vital, el diablo aconsejó a Simeón que se echara sobre si el del matrimonio -- Donde se comprueba que toda situación, por mala que sea, es susceptible de empeorar -- Donde se cuenta dónde nació, vivió y murió la amistad entre Simeón y San Judas Tadeo, con todos sus accidentes y alternativas -- Donde se llega a la conclusión de que no hay mal que dure cien años...pero sí sesenta y se revela cómo contrató Simeón su propio entierro y acabó solucionando ingeniosamente ese problema |
| 520 ## - SUMMARY, ETC. | |
| Summary, etc. | Este libro, que ha alcanzado ya la vigésima quinta edición, después de dieciocho años de venta continua, es-por una parte- un delicioso cuadro de costumbres, que muestra al lector cómo fue Bogotá en los primeros sesenta años del siglo y es,- por la otra-, la vida profundamente humana, llena de ternura y humor de un personaje típico de la clase media económica, que nació, vivió y murió acosado por las deudas. |
| 650 14 - SUBJECT ADDED ENTRY--TOPICAL TERM | |
| Topical term or geographic name entry element | Novela colombiana |
| 9 (RLIN) | 1215 |
| 650 14 - SUBJECT ADDED ENTRY--TOPICAL TERM | |
| Topical term or geographic name entry element | Vida cotidiana en la literatura |
| 9 (RLIN) | 593 |
| 650 14 - SUBJECT ADDED ENTRY--TOPICAL TERM | |
| Topical term or geographic name entry element | Deudor y acreedor en la literatura |
| 9 (RLIN) | 1216 |
| 942 ## - ADDED ENTRY ELEMENTS (KOHA) | |
| Source of classification or shelving scheme | Dewey Decimal Classification |
| Koha item type | Books |
| Withdrawn status | Lost status | Source of classification or shelving scheme | Damaged status | Not for loan | Collection code | Home library | Current library | Shelving location | Date acquired | Source of acquisition | Cost, normal purchase price | Total Checkouts | Total Renewals | Full call number | Barcode | Date last seen | Date last checked out | Copy number | Price effective from | Koha item type |
|---|---|---|---|---|---|---|---|---|---|---|---|---|---|---|---|---|---|---|---|---|
| Dewey Decimal Classification | Fiction | Biblioteca Pública José María del Castillo y Rada | Biblioteca Pública José María del Castillo y Rada | On Display | 07/03/2018 | Donación | 0.00 | 2 | 2 | A-N SALd | 201807425 | 10/05/2022 | 08/25/2022 | Ej.1 | 11/28/2019 | Books |